00412pab a2200145 454500008004000000100001700040245007500057260000900132300001500141650001800156650003200174700001700206700002200223773002100245180718b2004 xxu||||| |||| 00| 0 eng d aBrune, Nancy aThe International Monetary Fund and the global spread of privatization c2004 ap.195-219. aPrivatization aInternational Monetary Fund aKogut, Bruce aGarrett, Geoffrey aIMF Staff Papers